Clic sur les communes de France (1) - Statistiques

Statistiques générales
  • Ce quiz a été pris 14 fois
  • Le résultat moyen est 6 sur 30
Statistiques - réponses
Hint Explanation Réponse % Correct
La commune la plus dense de Corse est dans ce département Bastia - 2516 habitants au km2 Haute-Corse
55%
La commune la plus élevée de France métropolitaine est dans ce département Chamonix - 4806 m Haute-Savoie
55%
La commune la moins dense du Grand Est est dans ce département Rouvroy-Ripont - 0.25 habitant au km2 Marne
45%
En 1852, on compte (...) paroisses en France 33400
36%
En 1936, la France compte (...) communes 38014
36%
La commune la plus dense de PACA est dans ce département Le Cannet - 5395 habitants au km2 Alpes-Maritimes
36%
En 1858, la ville de Lille absorbe (...) communes Wazemmes - Moulins - Esquermes - Fives 00004
27%
Pourcentage de communes métropolitaines ayant moins de 500 habitants en 2020 53 pour 100
27%
Pourcentage de communes métropolitaines ayant moins de 100 habitants en 2020 9 pour 100
27%
La commune la plus étendue de France métropolitaine est dans ce département Arles - 759 km2 Bouches-du-Rhône
27%
La commune la moins dense de France métropolitaine est dans ce département Rochefourchat - 0.08 habitant au km2 Drôme
27%
Au 1er janvier 2024, nombre de communes dans les DROM 00129
18%
Nombre de communes des Landes en 2022 00327
18%
Pourcentage de communes métropolitaines ayant plus de 500 habitants en 2020 47 pour 100
18%
La commune la plus dense de France est dans ce département Levallois-Perret - 28220 habitants au km2 Hauts-de-Seine
18%
La commune la plus dense hors France métropolitaine est dans ce département Le Port - 2006 habitants au km2 Réunion
18%
En 1852, la ville de Lyon absorbe (...) communes Monplaisir - La Guillotière - Vaise 00003
9%
En 1860, la ville de Paris absorbe totalement ou partiellement (...) communes Belleville - Grenelle - La Villette - Vaugirard - Bercy - Passy - Auteuil - Batignolles-Monceau - La Chapelle - Montmartre - Charonne - Saint-Mandé - Ivry - Gentilly - Montrouge - Vanves - Issy - Neuilly - Saint-Ouen 00019
9%
La Corse compte (...) communes 00360
9%
Au 1er janvier 2024, nombre de communes en France métropolitaine 34816
9%
Nombre de communes en France métropolitaine en 1793 41000
9%
La commune la moins dense de France est dans ce département Saül - 0.07 habitant au km2 Guyane
9%
La commune la moins dense des Haut-de-France est dans ce département Méréaucourt - 3 habitants au km2 Somme
9%
Au 1er janvier 2024, nombre de communes dans le collectivités d'outre-mer (y compris Nouvelle-Calédonie) 00093
0%
Nombre de communes du Territoire de Belfort en 2022 00101
0%
Nombre de communes en France appelée le plus souvent par un nom d'usage différent de leur nom officiel Ex Boulogne pour Boulogne-sur-Mer 00304
0%
La commune la moins étendue de France métropolitaine est dans ce département Castelmoron-d'Albret - 0.04 km2 Gironde
0%
Hors Paris, le département métropolitain qui comprend le MOINS de communes en 2023 36 Hauts-de-Seine
0%
La commune la plus basse de France métropolitaine est dans ce département Ghyvelde - moins 4 mètres sous la mer Nord
0%
Hors Paris, le département métropolitain qui comprend le PLUS de communes en 2023 890 Pas-de-Calais
0%
Aucun quiz correspondant
Distribution des résultats
% des personnes avec chaque résultat
Percentile par nombre de réponses
Votre historique - résultats
Vous n’avez pas pris ce quiz